000 00311nam a22001337a 4500
008 181221b xxu||||| |||| 00| 0 eng d
020 _a9780521423601
041 _aeng
080 _a910
100 _a42
101 _aGJEO
245 _aAn Introduction to Population Geography
_cHornby, W.F
942 _2udc
_cBK
999 _c53583
_d53583